| 000 | 00776nam a22002177a 4500 | ||
|---|---|---|---|
| 005 | 20100823121611.0 | ||
| 010 | _aENG-101358 | ||
| 020 |
_a9788190595063 ( vol II ) _c230.00 |
||
| 035 | _aEN-84891 | ||
| 037 | _bDBAD/PUB | ||
| 082 | _a620.00151 | ||
| 100 |
_aPal B K _916848 |
||
| 245 |
_aEngineering mathematics vol II / _cby B K Pal [and] K Das |
||
| 250 | _aRev, 6th ed. | ||
| 260 |
_aKolkata _bU N Dhur _c2010 |
||
| 270 |
_a2A Bhawani Datta Lane _bKolkata _e700073 |
||
| 300 |
_avol 2(xiii,724p) _c21cm(pbk) |
||
| 700 |
_aK Das _916226 |
||
| 942 |
_2ddc _cEN _h620.00151 _mPAL |
||
| 999 |
_c42970 _d42970 |
||